000 01577nam a2200409 i 4500
001 11169
003 KOSZ 005
005 20240405063005.0
008 080327s1967 pl a f 000 0 pol
015 _aPB 1967/9236
040 _aWA N
_cKOSZ 005/RW
_dKOSZ 005/RW
_dKOSZ 005/HR
041 0 _apol
_beng
_brus
046 _k1967
080 _a316.344-057.875(438)
100 1 _aKurzela, Irena.
_eAutor
245 1 0 _aZ badań nad środowiskiem domu studenckiego /
_cIrena Kurzela, Aleksander Kamiński, Kazimierz Z. Sowa.
260 _aWarszawa ;
_aPoznań :
_bPaństwowe Wydawnictwo Naukowe,
_c1967.
300 _a113, [1] s. :
_bil. ;
_c24 cm.
380 _aKsiążki.
388 _a1901-2000
490 1 _aRaporty z Badań / Ministerstwo Oświaty i Szkolnictwa Wyższego. Międzyuczelniany Zakład Badań nad Szkolnictwem Wyższym.
546 _aStreszcz. ros., ang.
650 4 _aDomy studenckie
658 _aSocjologia i społeczeństwo
655 4 _aRaport z badań
650 4 _aSocjologia
648 4 _a1901-2000
651 4 _aPolska
650 4 _aStudenci
648 4 _a1945-1989
700 1 _aSowa, Kazimierz Z.
_d(1942- ).
_eAutor
710 2 _aPaństwowe Wydawnictwo Naukowe
_4pbl.
700 1 _aKamiński, Aleksander
_d(1903-1978)
_eAutor
830 0 _aRaporty z Badań - Międzyuczelniany Zakład Badań nad Szkolnictwem Wyższym.
856 _uhttp://koha.tu.koszalin.pl/cgi-bin/koha/opac-detail.pl?biblionumber=11169
_yKatalog online BPK
942 _2UKD
_cKS
999 _c11169
_d11169